[Event "Dvorkovich Memorial Rapid 2018"]
[Site "Taganrog"]
[Date "2018.01.13"]
[Round "6.3"]
[White "Kokarev, Dmitry"]
[Black "Triapishko, Alexandr"]
[Result "1-0"]
[WhiteElo "2616"]
[BlackElo "2531"]
[Annotator "TA"]
[PlyCount "125"]
[EventDate "2018.??.??"]
[EventType "swiss"]
[EventCountry "RUS"]
[SourceTitle "playchess.com"]
[Source "ChessBase"]
[SourceQuality "1"]

{[%evp 17,125,41,45,56,44,31,39,33,29,12,12,-17,0,-32,52,35,52,38,38,34,35,32,41,13,35,21,48,-16,66,39,52,67,63,78,72,0,0,0,8,12,12,14,18,9,8,7,69,39,40,37,43,22,29,29,29,29,29,29,30,30,62,59,70,73,67,79,97,83,102,102,89,46,104,111,112,104,116,116,117,106,118,118,119,120,375,319,734,733,628,325,3992,4379,5402,5089,3700,2198,12828,12825,12799,12799,12799,12798,12787,9114,6558,6739,5182,4945,4724,4712]} 1. e4 e5 2. Nf3 Nc6 3. Bb5 Nge7 {[%cal Bg8e7,Be7c6,Bc6b4][%mdl 32]} 4. Nc3 d6 (4... g6 5. d4 exd4 6. Nd5 Bg7 7. Bg5 h6 8. Bf6 Bxf6 9. Nxf6+ Kf8 10. Qd2 a6 11. Bc4 Nf5 12. Nd5 Nd6 13. Bd3 Kg7 14. O-O-O Re8 {1-0 (47) Navara,D (2726)-Movsesian,S (2653) Prague 2016}) 5. d4 a6 6. Be2 {C60: Ruy Lopez: Unusual Black 3rd moves and 3...g6} exd4 7. Nxd4 Nxd4 8. Qxd4 Nc6 9. Qd3 Nb4 {LiveBook: 3 Games} 10. Qd1 g6 11. O-O $146 ({Predecessor:} 11. Be3 Bg7 12. Qd2 {1-0 (56) Schakel,C (2304)-Gromov,S (2257) ICCF email 2015}) 11... Bg7 12. a3 Nc6 13. Nd5 O-O 14. c4 Be6 15. Be3 Rb8 (15... Bxb2 $15 16. Rb1 Bxa3) 16. Qd2 $14 Ne5 17. f4 $36 {[%mdl 2048] White is pushing.} Nd7 18. Rad1 Re8 19. Nc3 {[#] aiming for f5.} b5 20. cxb5 axb5 21. Bd4 Bb3 22. Rde1 (22. Bxg7 $14 Bxd1 23. Rxd1) 22... Bc4 (22... b4 $11 23. axb4 Rxb4 24. Bxg7 Kxg7) 23. Bxc4 Bxd4+ 24. Qxd4 bxc4 25. Re2 Nb6 26. Nd5 (26. Ref2 $16) 26... Nxd5 $11 27. Qxd5 Qf6 28. Qxc4 d5 $1 {[%cal Rd5c4]} 29. Qxd5 {e5 is the strong threat.} Rxb2 30. Rxb2 Qxb2 {[%mdl 4096] Endgame KQR-KQR} 31. f5 c6 (31... Qb6+ $1 $11 32. Kh1 Qa6) 32. Qxc6 (32. Qd7 $5 {[%cal Rd7e8]} Rf8 33. a4 $16 (33. Qxc6 Qxa3 34. h3 Qe3+ 35. Kh2 Qd4 $16)) 32... Qd4+ 33. Kh1 Qxe4 34. Qxe4 (34. Qc1 {with more complications.} Re5 35. fxg6 hxg6 36. h3 Re8 37. Rf4) 34... Rxe4 $14 {KR-KR} 35. Ra1 Ra4 $1 36. fxg6 hxg6 37. Kg1 Kg7 38. Kf2 Kf6 39. Ke3 Ke5 40. Kd3 Kd5 41. Kc3 Kc5 42. Kb3 Re4 43. Rc1+ Kb5 44. h3 Re3+ ({Black should play} 44... f5 $14) 45. Rc3 $16 Re4 46. Rg3 Ka5 47. Rg5+ Kb6 48. Rg4 Re1 49. a4 Rb1+ 50. Kc4 Ka5 $2 {[%mdl 8192] [#]} (50... Kc6 $16 {keeps fighting.} 51. Rf4 f5) 51. Kd5 $18 Rb6 $2 (51... Rf1 52. h4 Rf6) 52. Rf4 f6 53. h4 Ra6 $2 (53... f5 54. g4 fxg4) 54. g4 {White is clearly winning.} g5 55. hxg5 fxg5 56. Rf5 Kxa4 57. Ke5 Rg6 58. Rf6 Rg8 59. Kf5 Kb5 60. Rg6 Ra8 61. Kxg5 Kc5 62. Rf6 Kd5 63. Kf5 {Precision: White = 64%, Black = 32%.} 1-0

[Event "Dvorkovich Memorial Rapid 2018"]
[Site "Taganrog"]
[Date "2018.01.13"]
[Round "6.4"]
[White "Hasangatin, Ramil"]
[Black "Bocharov, Dmitry"]
[Result "0-1"]
[WhiteElo "2502"]
[BlackElo "2583"]
[Annotator "TA"]
[PlyCount "77"]
[EventDate "2018.??.??"]
[EventType "swiss"]
[EventCountry "RUS"]
[SourceTitle "playchess.com"]
[Source "ChessBase"]
[SourceQuality "1"]

{[%evp 11,77,0,0,-2,14,7,0,7,16,0,0,0,8,0,50,36,38,0,91,86,170,84,139,115,104,64,69,65,65,50,41,54,87,57,97,41,69,63,110,45,54,14,14,-98,-112,-169,-158,-841,-863,-847,-844,-832,-797,-772,-731,-725,-599,-627,-578,-661,-676,-866,-850,-810,-830,-1060,-1062,-1044]} 1. e4 c5 2. Nf3 Nc6 3. Bb5 e6 4. Bxc6 bxc6 5. d3 Ne7 6. Bd2 d5 {LiveBook: 5 Games. B30: Sicilian: 2...Nc6 3 Bb5, lines without ...g6} (6... Qc7 7. Bc3 d6 8. e5 d5 9. b3 Ng6 10. Bb2 d4 11. Qe2 f6 12. exf6 gxf6 13. g3 e5 14. Nbd2 {1-0 (51) Khusnutdinov,R (2476)-Vakhidov,J (2578) Almaty 2016}) 7. Qe2 Ng6 8. h4 h5 {The position is equal.} 9. e5 Be7 $146 ({Find the theoretical novelty and annotate with similar games:} 9... f6 10. O-O Qc7 11. Re1 Be7 12. b3 O-O 13. Bc3 {1-0 (13) Nemec,Z (2175)-Mevel,A (2208) LSS email 2012}) 10. c4 f6 11. Nc3 Qc7 {[%cal Rg6e5]} 12. Na4 fxe5 13. g3 Rb8 14. b3 {[%mdl 1024] White has compensation.} Bf6 (14... e4 $1 $11 15. dxe4 dxc4) 15. Rc1 $16 Qd6 {[#]} (15... Ne7 $16) 16. O-O (16. Be3 $1 $18 {and White stays clearly on top.}) 16... Kf7 (16... Rb7 $142) 17. Be3 e4 18. dxe4 d4 19. Bd2 e5 20. Ne1 Bh3 21. Ng2 Rbf8 22. Kh2 Bc8 23. Rh1 ({Better is} 23. Ne1 $16) 23... Ke8 24. Rcf1 Rf7 25. Bc1 (25. Kg1 $16) 25... Nf8 $14 26. Kg1 Ne6 27. Ne1 {[#]} (27. Nb2 $1 $11 {remains equal.}) 27... g5 $1 $17 28. hxg5 (28. Rh2 $17 {keeps fighting.}) 28... Bxg5 $19 29. Nf3 $2 (29. Rxh5 $17 Rxh5 30. Qxh5 Bxc1 31. Nf3) 29... d3 {Black is clearly winning.} 30. Qd1 Bxc1 31. Nh4 Bg5 32. Nf5 {[#]} Rxf5 $1 33. exf5 Ng7 34. g4 Qd4 35. Qf3 Kf7 36. Rh2 hxg4 37. Qxc6 Rxh2 38. Qg6+ Kg8 {( -> ...Rxf2!)} 39. Kxh2 {Precision: White = 38%, Black = 57%.} 0-1

[Event "Dvorkovich Memorial Rapid 2018"]
[Site "Taganrog"]
[Date "2018.01.13"]
[Round "6.5"]
[White "Esipenko, Andrey"]
[Black "Khanin, Semen"]
[Result "1-0"]
[WhiteElo "2571"]
[BlackElo "2458"]
[Annotator "TA"]
[PlyCount "63"]
[EventDate "2018.??.??"]
[EventType "swiss"]
[EventCountry "RUS"]
[SourceTitle "playchess.com"]
[Source "ChessBase"]
[SourceQuality "1"]

{[%evp 22,63,21,13,25,0,16,14,12,12,24,0,29,18,16,20,19,5,75,75,64,56,72,71,90,89,91,87,99,94,102,97,109,79,83,75,87,91,90,90,106,100,108,97]} 1. d4 Nf6 2. c4 e6 3. Nf3 b6 4. g3 Bb7 5. Bg2 Be7 6. Nc3 Ne4 7. Bd2 O-O 8. O-O d5 9. cxd5 exd5 10. Rc1 Nd7 11. Bf4 Nxc3 12. Rxc3 c5 {E18: Queen's Indian: Old Main Line (4 g3 Bb7 5 Bg2 Be7 6 0-0 0-0 7 Nc3)} 13. Qa4 (13. dxc5 bxc5 14. Rc1 Nf6 15. Bg5 Qb6 16. Qc2 Rfe8 17. Nd2 h6 18. Bxf6 Bxf6 19. e4 dxe4 20. Bxe4 Rad8 21. Bxb7 Qxb7 22. Nb3 Bd4 23. Nxc5 Bxc5 24. Qxc5 Qxb2 25. Qxa7 {½-½ (25) Aronian,L (2805)-Korobov,A (2652) Riadh 2017}) 13... a6 14. dxc5 Nxc5 {The position is equal.} 15. Qd1 Bf6 $146 ({Predecessor:} 15... Re8 16. Be5 a5 17. Rc2 Qd7 18. Bd4 Red8 19. Ne5 Qb5 20. e3 {1-0 (49) Kuzmin,G (2520)-Rozentalis,E (2400) Kharkov 1985}) 16. Nd4 Re8 17. Rc2 Bxd4 18. Qxd4 Ne6 19. Qd2 Qf6 (19... Re7 $11) 20. Be3 $16 b5 21. Bb6 Qe5 22. Rfc1 {White is better.} h6 23. e3 Qf5 24. h4 Re7 25. Bd4 Rae8 26. b3 Qg4 27. a4 (27. Qd1 {is interesting.} Qxd1+ 28. Rxd1 Rd7 29. Bb6 Ba8 30. Rcc1) 27... Nxd4 28. Qxd4 Qxd4 29. exd4 bxa4 30. bxa4 Re1+ 31. Rxe1 Rxe1+ 32. Bf1 {Precision: White = 71%, Black = 42%.} 1-0

[Event "Dvorkovich Memorial Rapid 2018"]
[Site "Taganrog"]
[Date "2018.01.13"]
[Round "6.6"]
[White "Vastrukhin, Oleg"]
[Black "Potapov, Pavel"]
[Result "1/2-1/2"]
[WhiteElo "2398"]
[BlackElo "2479"]
[Annotator "TA"]
[PlyCount "76"]
[EventDate "2018.??.??"]
[EventType "swiss"]
[EventCountry "RUS"]
[SourceTitle "playchess.com"]
[Source "ChessBase"]
[SourceQuality "1"]

{[%evp 15,76,22,7,-28,-14,-18,0,-33,-37,-46,-54,-48,-60,-70,-61,-101,93,-55,-50,-59,-59,-107,-41,-15,29,22,48,48,68,48,63,10,16,19,27,0,0,0,0,0,0,-118,-118,-121,-118,-150,-144,-154,-144,-156,-145,-149,-129,-229,-147,-156,-124,-132,0,-156,0,-135,0]} 1. Nf3 g6 2. d4 Bg7 3. e4 d6 4. Nc3 a6 5. Be3 Nd7 6. Qd2 b5 7. a4 b4 8. Nd5 {B06: Modern Defence} (8. Ne2 Ngf6 9. Ng3 Ng4 10. Bf4 e5 11. Bg5 f6 12. Be3 Nxe3 13. Qxe3 O-O 14. Bc4+ Kh8 15. O-O Nb6 {0-1 (43) Darini,P (2511)-Mamedov,R (2688) Doha 2016}) 8... a5 {LiveBook: 4 Games} 9. Bc4 e6 10. Nf4 {The position is equal.} Nb6 11. Bd3 Nf6 12. e5 $146 ({Predecessor:} 12. h4 Bb7 13. e5 Nfd7 14. exd6 cxd6 15. h5 e5 16. dxe5 dxe5 {½-½ (77) Yang,K (2366)-Dzhumaev,M (2549) Manila 2008}) 12... Ng4 $1 13. h3 Nxe3 14. Qxe3 Bb7 15. h4 h6 $2 {[#]} (15... Bxf3 $1 $17 16. Qxf3 O-O) 16. exd6 (16. Bxg6 $1 $16 {[%mdl 512]} fxg6 17. Nxe6) 16... Qxd6 $15 17. Bb5+ c6 18. Bd3 O-O-O (18... Rc8 $17 19. Qe4 Rc7) 19. c3 $1 Rhe8 {Threatens to win with ...e5.} 20. O-O Nd5 21. Nxd5 exd5 22. Qd2 Re7 23. cxb4 ({White should play} 23. Rfc1 $14) 23... Qxb4 $11 24. Qxb4 axb4 25. a5 {[%cal Ba4a5,Ba5a6][%mdl 32]} c5 {[%cal Bc6c5,Bc5c4][%mdl 32]} 26. a6 Ba8 27. b3 Rc7 28. Ra4 {[#]} (28. Rfc1 $11 {keeps the balance.}) 28... Bc6 $1 $17 {[%cal Rc6a4]} 29. Ra5 ({Don't play} 29. a7 $6 Kb7 $11) 29... c4 $1 {[%cal Rc4d3]} 30. Bc2 Kb8 31. Rb1 c3 32. Bd3 Ka7 33. Rc1 Re8 34. g4 (34. Rc5 $17) 34... Re6 35. Kg2 Kb6 36. Rca1 {aiming for a7.} Ka7 37. Rc1 $1 Kb6 38. Rca1 $1 {a7 is the strong threat.} Ka7 {Precision: White = 53%, Black = 53%.} (38... Ree7 $17) 1/2-1/2

[Event "Dvorkovich Memorial Rapid 2018"]
[Site "Taganrog"]
[Date "2018.01.13"]
[Round "6.7"]
[White "Sarana, Alexey"]
[Black "Nazaretyan, Tigran"]
[Result "1-0"]
[WhiteElo "2562"]
[BlackElo "2285"]
[Annotator "TA"]
[PlyCount "95"]
[EventDate "2018.??.??"]
[EventType "swiss"]
[EventCountry "RUS"]
[SourceTitle "playchess.com"]
[Source "ChessBase"]
[SourceQuality "1"]

{[%evp 25,95,66,133,123,135,138,123,135,145,137,133,148,148,106,99,99,127,119,173,112,110,88,112,114,110,103,112,118,143,144,128,36,28,0,0,0,0,0,3,0,0,0,0,0,0,0,8,0,0,-8,-8,-8,-8,-8,830,830,29981,29981,29983,29985,29985,29986,29986,29987,29988,29989,29989,29990,29990,29991,29992,29993]} 1. d4 Nf6 2. c4 c5 3. d5 e6 4. Nc3 exd5 5. cxd5 d6 6. e4 g6 7. Bd3 Bg7 8. h3 O-O 9. Nf3 a6 10. a4 Re8 11. O-O Nbd7 12. Re1 Qc7 13. Bf4 c4 {LiveBook: 5 Games. A70: Modern Benoni: 6 e4 g6 7 Nf3} ({Black should try} 13... b6 $14) (13... Nh5 14. Bh2 Ne5 15. Be2 Nxf3+ 16. Bxf3 Nf6 17. e5 dxe5 18. d6 Qb6 19. Bxe5 Be6 20. a5 Qa7 21. Qa4 Red8 22. Qh4 {1-0 (53) Dreev,A (2606)-Malakhov,V (2676) Villarrobledo 2007}) 14. Bf1 $1 $16 Nh5 15. Bh2 Ne5 {White is clearly better.} 16. Bxe5 Bxe5 17. Nxe5 Rxe5 18. Qd4 Nf4 $146 ({Predecessor:} 18... Bd7 19. Qxc4 Qb6 20. a5 Qd8 21. Re3 {1-0 (42) Hajiyev,S (1945)-Hatipoglu,M (1783) Canakkale 2015}) 19. Qxc4 Qxc4 20. Bxc4 Rg5 21. g3 Bxh3 {[#]} (21... Nxh3+ $16 22. Kg2 Nf4+ 23. Kh2 Rh5+ 24. Kg1 Rg5) 22. Kh2 (22. e5 $1 $18 {[%mdl 512]} Bf5 (22... dxe5 23. Ne4) 23. exd6) 22... Rh5 {( -> ...Bg2+)} 23. gxf4 {Strongly threatening Be2.} Bf1+ {[#]} 24. Kg1 $1 Bxc4 25. Kg2 g5 26. f5 Rc8 27. Kg3 Rh4 {[#]} 28. Rac1 ({White should play} 28. f3 $1 $16) 28... Bb3 $1 $14 29. Rh1 Rxh1 30. Rxh1 $11 {[%mdl 4096] Endgame KRB-KRN} Kg7 31. f4 h6 32. f6+ Kg6 33. f5+ Kxf6 {Hoping for ...Kg7.} 34. Rxh6+ Ke5 35. Rh7 Rc7 36. Kg4 Bc2 37. Kxg5 (37. Rh2 {is interesting.} Bd3 38. Kxg5 Rc8 39. Kg4 b5 40. axb5 axb5 41. Kf3) 37... f6+ 38. Kg6 Rxh7 39. Kxh7 {Threatens to win with a5.} Bxe4 $2 {[%mdl 8192]} (39... b5 $11 40. axb5 axb5 41. Nxb5 Bxe4) 40. Nxe4 $18 Kxe4 $11 {KP-KP} 41. Kg6 {White mates.} Ke5 42. a5 Kxd5 43. Kxf6 {K3P-K3P} Kc4 44. Ke6 d5 45. f6 d4 46. f7 d3 47. f8=Q d2 48. Qd6 {Precision: White = 66%, Black = 44%.} 1-0

[Event "Dvorkovich Memorial Rapid 2018"]
[Site "Taganrog"]
[Date "2018.01.13"]
[Round "6.8"]
[White "Lugovskoy, Maxim"]
[Black "Kabanov, Nikolai"]
[Result "1-0"]
[WhiteElo "2459"]
[BlackElo "2478"]
[Annotator "TA"]
[PlyCount "86"]
[EventDate "2018.??.??"]
[EventType "swiss"]
[EventCountry "RUS"]
[SourceTitle "playchess.com"]
[Source "ChessBase"]
[SourceQuality "1"]

{[%evp 9,86,0,-9,-9,13,0,19,19,19,12,12,14,37,0,9,-10,69,72,66,64,61,56,105,59,58,45,77,82,88,80,86,64,86,18,77,80,92,45,81,34,43,0,26,26,31,29,54,47,60,59,69,0,0,-64,120,103,115,97,147,141,146,70,81,70,133,145,120,126,114,116,366,214,319,208,227,226,596,586,1850]} 1. d4 Nf6 2. Nc3 d5 3. Bf4 e6 4. Nb5 Na6 5. e3 c6 6. Nc3 {D00: 1 d4 d5: Unusual lines} Nb8 (6... Nc7 7. Nf3 Bd6 8. Ne5 O-O 9. Qf3 Bb4 10. Bd3 Nb5 11. O-O Nxc3 12. bxc3 Bxc3 {0-1 (33) Jobava,B (2690)-Anand,V (2782) Riadh 2017}) 7. Nf3 a6 8. Bd3 {The position is equal.} c5 9. dxc5 Bxc5 10. O-O Nc6 11. Qe2 Qe7 $146 ({Predecessor:} 11... O-O 12. Rad1 Qe7 13. e4 d4 {1-0 (61) Lugovskoy,M (2474)-Gluhovsky,M (2312) Sochi 2017}) 12. Bg5 Bb4 (12... h6 $11 13. Bxf6 Qxf6) 13. e4 $14 Bxc3 14. bxc3 dxe4 15. Bxe4 Qc5 16. Bxf6 gxf6 17. Rad1 Bd7 18. Nd4 {[%cal Bf3d4,Bd4f5,Bf5e7][%mdl 32]} O-O-O 19. Qe3 Na5 20. Rb1 $1 f5 21. Bf3 (21. Nxf5 $1 $16 Qxe3 22. Nxe3) 21... e5 (21... Bc6 $11 {remains equal.}) 22. Nxf5 $1 $16 Qxe3 23. Ne7+ Kc7 24. fxe3 Be6 {Threatens to win with ...Rd7.} 25. Be4 Rd7 26. Nf5 b6 27. Bd3 Nc4 {Threatening ...Nd2.} 28. Rb4 Nd2 29. Rf2 a5 $1 {[%cal Ra5b4]} 30. Rh4 ({White should try} 30. Rb5 $14) 30... Nb1 $1 $11 31. Ng7 (31. c4 $11) 31... Bd5 $2 (31... Bxa2 $15 32. c4 Nc3) 32. c4 $36 {[%mdl 2048] Keeping Black busy.} Bc6 33. Nh5 {Nf6 is the strong threat.} Nc3 34. Nf6 Re7 35. a3 (35. e4 $1 $16) 35... e4 $14 36. Bf1 Rd8 (36... Nd1 $14) 37. Rxh7 Nd1 38. Re2 Nc3 {[#]} 39. Re1 $1 Rd2 $2 (39... Rd6 $16) 40. h4 (40. g4 $142) 40... Kd6 (40... Rd6 $142) 41. h5 {[%cal Bh4h5,Bh5h6][%mdl 32] Hoping for h6.} Ke6 {[#]} 42. Ng8 $1 Rc7 $2 (42... Re8) 43. h6 {And now Rg7 would win.} Rc8 {Precision: White = 59%, Black = 29%.} 1-0

[Event "Dvorkovich Memorial Rapid 2018"]
[Site "Taganrog"]
[Date "2018.01.13"]
[Round "6.10"]
[White "Matjushin, Gennady"]
[Black "Volkov, Sergey"]
[Result "1-0"]
[WhiteElo "2417"]
[BlackElo "2627"]
[Annotator "TA"]
[PlyCount "79"]
[EventDate "2018.??.??"]
[EventType "swiss"]
[EventCountry "RUS"]
[SourceTitle "playchess.com"]
[Source "ChessBase"]
[SourceQuality "1"]

{[%evp 22,79,24,-8,15,0,0,0,16,0,-8,-24,-13,-21,-9,-29,0,0,18,20,30,-14,-6,-38,-38,-38,-38,-37,-22,-37,-37,-45,0,0,196,205,286,0,0,0,0,0,0,0,0,0,0,0,0,0,0,0,0,-86,-16,-200,-193,-192,-180,-228]} 1. d4 d5 2. c4 c6 3. Nf3 Nf6 4. Nc3 a6 5. cxd5 cxd5 6. Bf4 Nc6 7. Rc1 Nh5 {D13: Slav Defence: Exchange variation without ...Bf5} (7... Bf5 8. e3 e6 9. Qb3 Ra7 10. Be2 Be7 11. O-O O-O 12. Na4 Nd7 13. a3 Bg4 14. h3 Bxf3 15. Bxf3 Na5 16. Qa2 Nc4 17. Be2 {0-1 (50) Akobian,V (2647)-Karjakin,S (2760) Riadh 2017}) 8. Be5 f6 9. Bg3 e5 10. e3 Nxg3 11. hxg3 Be6 12. a3 {LiveBook: 3 Games} Rc8 13. Be2 Be7 {[#]} 14. dxe5 $146 ({Predecessor:} 14. Qb3 Na5 15. Qa2 {1-0 (54) Rusev,K (2530)-Stojanovic,D (2496) Belgrade 2010}) 14... fxe5 15. O-O e4 16. Nd4 Nxd4 17. Qxd4 O-O 18. Qd2 Bf6 19. Rfd1 Bxc3 (19... Rc6 {seems wilder.} 20. b4 Kh8 21. b5 axb5 22. Nxb5 Qe7) 20. Rxc3 Qf6 21. f4 (21. Rxc8 {with more complications.} Rxc8 22. Rc1 Rxc1+ 23. Qxc1 d4 24. exd4 Qxd4 25. Qc7) 21... Rxc3 22. Qxc3 (22. bxc3 {feels hotter.} Rc8 23. Rc1 b5 24. Kf2 Bf7 25. Bd1) 22... Qxc3 23. bxc3 $11 {[%mdl 4096] Endgame KRB-KRB} Rc8 24. Rc1 Rc6 25. Kf2 Rb6 26. c4 Rb2 27. Kf1 Rb3 $2 (27... dxc4 $11 {and Black has nothing to worry.} 28. Bxc4 Bxc4+ 29. Rxc4 Rb3) 28. cxd5 $18 Bxd5 {[#]} 29. Rc5 $2 (29. Rd1 $1 $18) 29... Be6 $11 30. f5 Rb1+ $1 31. Kf2 Bd7 32. Bc4+ Kf8 33. Rc7 Rb2+ 34. Ke1 Ke8 {[#] ...Kd8 is the strong threat.} 35. Be6 Bxe6 36. fxe6 b5 37. Ra7 (37. Rxg7 $11 h5 38. Ra7) 37... Rxg2 (37... g6 $17 38. Rxh7 Ra2) 38. Rxa6 $2 (38. Rxg7 $11 {and White is okay.} h5 39. Ra7) 38... Rxg3 $19 39. Kf2 Rg5 40. Ra7 {[%mdl 32768] Precision: White = 57%, Black = 55%. . Loss on Time!?} 1-0

[Event "Dvorkovich Memorial Rapid 2018"]
[Site "Taganrog"]
[Date "2018.01.13"]
[Round "6.11"]
[White "Timofeev, Artyom"]
[Black "Demkovich, Anatoliy"]
[Result "1-0"]
[WhiteElo "2563"]
[BlackElo "2407"]
[Annotator "TA"]
[PlyCount "83"]
[EventDate "2018.??.??"]
[EventType "swiss"]
[EventCountry "RUS"]
[SourceTitle "playchess.com"]
[Source "ChessBase"]
[SourceQuality "1"]

{[%evp 23,83,67,107,87,75,59,87,68,91,91,82,78,83,46,79,53,77,86,91,83,100,81,84,97,118,114,129,115,151,111,125,0,139,120,111,113,158,117,119,124,144,139,153,154,326,298,303,313,453,420,406,465,487,477,476,470,434,354,993,993,919,866]} 1. e4 c5 2. Nf3 g6 3. d4 cxd4 4. Nxd4 Bg7 5. c4 Nc6 6. Be3 Nf6 7. Nc3 O-O 8. Nc2 d6 9. Be2 b6 10. O-O Bb7 {B37: Sicilian: Maroczy Bind with 5...Bg7, sidelines} 11. Qd2 Rc8 12. f3 Nd7 {LiveBook: 10 Games. White is slightly better.} 13. b3 (13. Rac1 Nc5 14. b3 f5 15. exf5 gxf5 16. f4 Kh8 17. Bf3 e5 18. Nb5 Rf6 19. Rcd1 {1-0 (51) Tomashevsky,E (2695)-Inarkiev,E (2682) Dubai 2014}) 13... a6 14. Rac1 Re8 15. Rfd1 $146 ({Predecessor:} 15. Kh1 Na5 16. Nd5 Bxd5 17. cxd5 Bc3 18. Qd1 {1-0 (52) Keene,R (2465)-Ardiansyah,H (2380) Brisbane 1979}) 15... Qc7 16. Nd5 Qd8 17. Bg5 Nc5 18. Kh1 Ba8 19. Bf1 Rb8 20. b4 Ne6 21. Be3 Ne5 22. h3 a5 23. a3 {[%cal Ba2a3,Ba3b4][%mdl 32]} axb4 24. axb4 ({Of course not} 24. Ncxb4 $6 Nd7 $11) 24... Nd7 25. Na3 Nc7 26. Bg5 Ne6 27. Be3 Nc7 $1 28. Nb1 Bc6 29. Nbc3 h5 30. Ra1 Rb7 31. Ra3 Bxd5 32. cxd5 Qb8 33. Qa2 e6 $2 {[#]} (33... b5 $16 34. Ba7 Qa8) 34. dxe6 $18 Nxe6 35. Nb5 {[%cal Bc3b5,Bb5d6,Bd6e8][%mdl 32]} Ne5 (35... Nf6 {keeps fighting.} 36. Bc4 Bf8) 36. f4 Nc6 37. Nxd6 Rd7 38. Nxe8 Rxd1 {[#]} 39. Ra8 $1 {[%cal Ra8b8]} Rxf1+ 40. Kh2 Ra1 $2 (40... Bd4) 41. Rxb8 Nxb8 42. Qd5 {Precision: White = 64%, Black = 34%.} 1-0

[Event "Dvorkovich Memorial Rapid 2018"]
[Site "Taganrog"]
[Date "2018.01.13"]
[Round "6.12"]
[White "Pogonina, Natalija"]
[Black "Iljiushenok, Ilia"]
[Result "0-1"]
[WhiteElo "2478"]
[BlackElo "2512"]
[Annotator "TA"]
[PlyCount "58"]
[EventDate "2018.??.??"]
[EventType "swiss"]
[EventCountry "RUS"]
[SourceTitle "playchess.com"]
[Source "ChessBase"]
[SourceQuality "1"]

{[%evp 15,58,15,24,23,70,75,85,88,89,91,93,81,137,98,139,106,104,115,156,153,174,171,165,102,104,95,102,91,95,70,87,87,85,-564,-569,-553,-561,-550,-559,-513,-549,-543,-550,-552,-542]} 1. d4 Nf6 2. Nf3 g6 3. c4 Bg7 4. e3 O-O 5. Be2 d6 6. O-O Nbd7 7. b3 e5 8. Bb2 Re8 {LiveBook: 4 Games} 9. dxe5 {E60: King's Indian: Unusual lines and Fianchetto Variation without Nc3} dxe5 10. Nxe5 Ne4 11. Nd3 {White is better.} Bxb2 12. Nxb2 Qh4 $146 ({Predecessor:} 12... Qg5 13. Qc1 Ndf6 14. Nd3 Nh5 15. Nc3 Nef6 16. Bf3 Bf5 {1-0 (66) Pogonina,N (2466)-Sandu,M (2278) Antalya 2017}) 13. Qc1 Ne5 (13... Qe7 $142) 14. Nc3 Nf6 15. Nd5 Nxd5 16. cxd5 Bf5 17. f3 c6 {[#]} 18. e4 $1 {[%cal Re4f5]} Bd7 19. dxc6 (19. d6 $18) 19... Nxc6 20. Bc4 Ne5 21. Bd5 Bc6 22. Rd1 Bxd5 23. Rxd5 ({Wrong is} 23. exd5 $2 Nxf3+ 24. Kf1 Nxh2+ 25. Kg1 Re2 $19) 23... f5 24. exf5 $2 {[%mdl 8192] [#]} (24. Nc4 $16 Rac8 25. Qb2 Nxc4 26. bxc4) 24... Nxf3+ $1 $19 {[%mdl 512] Black is clearly winning.} 25. gxf3 Re2 26. Rd8+ Rxd8 27. Qc4+ Qxc4 28. Nxc4 gxf5 29. a4 Rd3 {Precision: White = 42%, Black = 70%.} 0-1